MDQL
is popping MORE tags! Check the
thread
!
Quizzes
Events
Quiz Creation
Community
Videos
Private Events
Remove Ads
Sign In
Join for FREE
Feedback
Dark Mode
Quiz Categories
Sports
Geography
Music
Movies
Television
Just For Fun
Miscellaneous
History
Literature
Language
Science
Gaming
Entertainment
Religion
Holiday
For Kids
Quiz Lab
Recent
Popular Today
Quiz Kudos Today
Editor Picks
Curator Picks
Quizzes by...
Day
Popularity
Type
Ratings
Length
Year
Community
Subscriptions
Recent Discussions
Orange Saloon
Badges
Playlists
Quests
Create
Leaderboards
Showdown
Live 5
Trivia Bingo
Activity
Puzzle Library
Sporcle Events
Private Events
Virtual Trivia
Globe League
Become a Host
Pub Owners
SporcleCon
Opinionation
Our Games
Videos
Blog
Mobile Apps
Partnerships
Remove Ads and Go Orange
Feedback
History
US Presidents
World Leaders
Politics
Nation
Discovery
War
Decade
Year
Century
Biography
Art
History
US Presidents
World Leaders
Politics
Nation
Discovery
War
Decade
Year
Century
Biography
Art
Random Quiz
Search Sporcle
×
Quiz Lab
Quiz Lab
History
World Leaders
Type in answers that appear in a list
Type in answers that appear in a list
Classic
Best Score? Go Orange.
Monarchs of Scotland Stats
Can you name the Monarchs of Scotland?
By
efavery0
10m
50 Questions
490 Plays
490 Plays
490 Plays
Comments
Comments
Give Quiz Kudos
Give Quiz Kudos
-
- Ratings
hide this ad
Replay
Link that replays current quiz
Next Quiz
Link to next quiz in quiz playlist
You Got
0%
They Got
Avg Score
57%
Avg Friend Score
Upgrade to see
Score Distribution
Jump to the score distribution portion of the page
Score
0/50
Timer
10:00
0
Plays Today
year
monarch
% Correct
1406-
1437
James I
92%
1437-
1460
James II
91.4%
1685-
1688
James II
91.4%
1460-
1488
James III
90.2%
1488-
1513
James IV
89.8%
1513-
1542
James V
89.8%
1567-
1625
James VI
89.6%
1542-
1567
Mary
87.3%
1165-
1214
William I
83.1%
1688-
1702
William II
82.2%
1306-
1329
Robert I
81.6%
1625-
1649
Charles I
81.6%
1650-
1685
Charles II
81.2%
1371-
1390
Robert II
81%
1390-
1406
Robert III
75.1%
1040-
1057
Macbeth
71.6%
1292-
1296
John
69.8%
1702-
1714
Anne
69%
1034-
1040
Duncan I
66.3%
1688-
1694
Mary II
66.1%
1094
Duncan II
65.7%
943-
954
Malcolm I
61.2%
1005-
1034
Malcolm II
60.4%
1058-
1093
Malcolm III
59.8%
1107-
1124
Alexander I
58%
year
monarch
% Correct
1153-
1165
Malcolm IV
57.3%
1214-
1249
Alexander II
57.3%
1249-
1286
Alexander III
56.1%
840-
858
Kenneth I
55.7%
971-
995
Kenneth II
54.5%
1124-
1153
David I
53.9%
997-
1005
Kenneth III
53.5%
1329-
1371
David II
53.5%
858-
862
Donald I
49.4%
889-
900
Donald II
49%
1093-
1094
Donald III
48.2%
1094-
1097
Donald III
48.2%
1286-
1290
Margaret
45.3%
862-
877
Constantine I
38.6%
900-
943
Constantine II
38.2%
995-
997
Constantine III
37.8%
1097-
1107
Edgar
28%
1057-
1058
Lulach
25.1%
878-
889
Giric
19%
962-
966
Dubh
16.9%
954-
962
Indulf
14.7%
967-
971
Culen
14.3%
877-
878
Aedh
12.2%
878-
889
Eochaid
11%
1094-
1097
Edmund
10.6%
Quiz Playlist
Details
Report
Send in Message
Add To Playlist
Classic:
Type in answers that appear in a list
Last Updated: Feb 16, 2017
Quiz Scoreboard
CHALLENGE
Sign Up to Join the Scoreboard
Show All
Scores
Hide
Comments
May contain spoilers
Recently Published
5x2 Blitz: Bands
by SL_Kpop136
Music
30s
Colored Red Africa Blitz
by spor1
Geography
30s
Find the 'City' Movie
by crazypaving
Movies
60s
More to Explore
Quiz From the Vault
Featured Blog Post
14 Easter Pick-up Lines to Find Eggs With
hide this ad
You Might Also Like...
Tags
World Leaders Quiz
house
monarch
Royal
Scotland
Today's Top Quizzes in History
Browse History
hide this ad
Today's Top Quizzes in World Leaders
Browse World Leaders
Top Contributed Quizzes in History
1
Popular People in 1991
2
US National Parks Named After People
3
Order Up: 1000 Years of World Events I
4
Popular People in 1981
5
Popular People in 1951
6
Popular People in 1941
7
Popular People in 1986
8
Popular People in 1921
9
Popular People in 1976
10
Magic 10 Blitz: U.S. Presidents
Explore More
Trending Topics
Crossword
NBA
Kpop
Harry Potter
Anime
Marvel
Disney
Song
Pokémon
Puzzle
Soccer
NFL
Country
WWE
The Office
hide this ad
More By:
efavery0
Quiz
Plays
Rating
Category
Featured
Created
Monarchs of Scotland
490
3.75
History
Jan 28, 2010
Go to Creator's Profile
Score Distribution
Quiz Creator Spotlight
efavery0
Follow
Send a Message
Quizzes Created
-
Created Quiz Play Count
-
More By This Creator
Popular Quizzes Today
1
Find the 'City' Movie
2
Colored Red Africa Blitz
3
Find the US States - No Outlines Minefield
4
5x2 Blitz: Bands
5
The Countries of the World
6
Find the US States
7
US States
8
9x9 Crossword: Cartoon Network
More History Quizzes
Back in Time: Medieval Europe
Editor's Pick
Trending Quizzes
Colored Red Europe Blitz I
Colored Red Africa Blitz II
Colored Red Europe Blitz II
Colored Red Africa Blitz III
Colored Red Europe Blitz III
Recently Updated
Famous TV Couples
Peacemaker
Champions League XIs: Real Madrid
pecheneg
Largest US Cities 1790-2010
pecheneg
Rides in Walt Disney World
pecheneg
Most Oscar Losses (Acting)
pecheneg
Beyoncé Albums
pecheneg
Leaping Animals
pecheneg
Reality TV Shows (A-Z)
bhenderson79
Rickey Henderson's Hall of Fame Teammates
pecheneg
Champions League XIs: Arsenal
pecheneg
Trending Topics
Anime
Kpop
Crossword
Marvel
Harry Potter
NBA
Disney
Song
Soccer
The Office
WWE
Puzzle
Pokémon
Country
NFL
Your Account Isn't Verified!
In order to create a playlist on Sporcle, you need to verify the email address you used during registration. Go to your
Sporcle Settings
to finish the process.
Report this User
Report this user for behavior that violates our
Community Guidelines
.
Details:
Send Report
Go to the Sporcle.com Mobile Site →
Comments